000 00701nam a2200229 i 4500
001 60536
003 ES-MaACL
005 20250822063127.0
007 t|
008 031105s1969 sp ||||1| cat d
100 1 _aEspinàs, Josep M.,
_d1927-
_947850
245 1 0 _aFesta major /
_ctext, Josep Maria Espinàs ; fotografies d'Eugeni Forcano.
250 _a[1ª ed.].
260 _aBarcelona :
_bDestino,
_c[1969]
300 _a332 p. :
_bil. ;
_c26 cm.
490 1 _aImatge de Catalunya
650 4 _aFiestas-
_zCataluña.
_9165044
700 1 _aForcano, Eugeni.
_951685
830 0 _aImatge de Catalunya
_9186511
852 _aES-MaACL
_jC-41805
_bR.72439
999 _c60536
_d60536